| 000 | 00486nam a2200193Ia 4500 | ||
|---|---|---|---|
| 005 | 20251020182608.0 | ||
| 008 | 200515s9999 xx 000 0 und d | ||
| 082 | _aSC/62.30/I53 | ||
| 110 | _aIngeniería Española de Procesos y Control | ||
| 245 | 0 | _aPrograma : ensayos de materiales de construcción | |
| 260 | _aMadrid | ||
| 260 | _cs.a. | ||
| 300 | _a60 | ||
| 650 | _aCATALOGOS | ||
| 650 | _aCONCRETO | ||
| 650 | _aENSAYOS | ||
| 650 | _aMAQUINARIAS Y EQUIPOS | ||
| 942 | _cLIB | ||
| 999 |
_c3259 _d3259 |
||